Statistics for Information Technology Decoder

Click here to take the quiz!

General Stats

  • This quiz has been taken 130 times
  • The average score is 11 of 15

Answer Stats

HintAnswer% Correct
GG-mail and YouTube belong to this companyGoogle
97%
AThe mobile operating system for Samsung phonesAndroid
90%
LA computer that is portable and suitable for use while travellingLaptop
89%
SAnother name of junk e-mailSpam
88%
BA wireless technology built in electronic gadgets used for exchanging data over short distancesBluetooth
82%
BA group of 8 bitsByte
82%
CThe part of a computer that oversees all operations and calculationsCPU
82%
BComputers use this number system to store data and perform calculationsBinary
78%
HFirst page of the websiteHomepage
78%
RA command that reloads the contents of a window or Web page with the most current dataRefresh
74%
AThe document that is sent with an email messageAttachment
72%
EBuying and selling the products over electronic systems like internetE-Commerce
65%
EEncoding or scrambling data for transmission across a networkEncryption
60%
AA program designed for a specific purpose, such as word processing or graphic designApplication
57%
Charles Babbage
44%

Score Distribution

Percentile by Number Answered

Percent of People with Each Score

Your Score History

You have not taken this quiz